Statistics for 1960s Albums (Easy)

Click here to take the quiz!

General Stats

  • This quiz has been taken 151 times
    (82 since last reset)
  • The average score is 16 of 20

Answer Stats

Answer% Correct
Abbey Road - The Beatles
100%
Elvis is Back! - Elvis Presley
97%
David Bowie [Space Oddity] - David Bowie
89%
Surfin' Safari - The Beach Boys
89%
Are You Experienced - Jimi Hendrix Experience
88%
Led Zeppelin - Led Zeppelin
88%
Sounds of Silence - Simon & Garfunkel
87%
The Doors - The Doors
87%
At Folsom Prison - Johnny Cash
84%
Highway 61 Revisited - Bob Dylan
84%
I Never Loved a Man the Way I Love You - Aretha Franklin
84%
Let It Bleed - The Rolling Stones
83%
The Velvet Underground & Nico - The Velvet Underground
74%
My Way - Frank Sinatra
70%
If You Can Believe Your Eyes and Ears - The Mama's and the Papa's
66%
Where Did Our Love Go - The Supremes
66%
In Dreams - Roy Orbison
58%
More of the Monkees - The Monkees
57%
Kinks - The Kinks
55%
Tommy - The Who
55%

Score Distribution

Percentile by Number Answered

Percent of People with Each Score

Your Score History

You have not taken this quiz since the last reset